| 000 | 00518nam a22001697a 4500 | ||
|---|---|---|---|
| 005 | 20260105111240.0 | ||
| 008 | 260105b |||||||| |||| 00| 0 eng d | ||
| 020 | _a978-93-5143-136-7 | ||
| 100 | _aRAMACHANDRAN, RAJU | ||
| 245 |
_aPROFESSIONAL ETHICS FOR LAWYWERS _bCHANGING PROFESSION CHANGING ETHICS |
||
| 250 | _a2ND ED | ||
| 260 |
_aHARYANA, INDIA _bLEXISNEXIS _c2014 |
||
| 300 | _aXXII,170P. | ||
| 500 | _aINCLUDES REFERENCES | ||
| 650 | _a1. LEGAL ETHICS 2. LAWYERS - PROFESSIONAL ETHICS | ||
| 942 |
_2lcc _cBK |
||
| 999 |
_c216397 _d216397 |
||